| 000 | 00540nam a2200181Ia 4500 | ||
|---|---|---|---|
| 003 | LK-CoDNM | ||
| 005 | 20230917154121.0 | ||
| 008 | 010623t1926 xxu||||| |||| 00| 1 sin d | ||
| 040 |
_aLK-CoDNM _dLK-CoDNM _eLK-CoDNM |
||
| 041 | _asin | ||
| 080 | _a12O74 | ||
| 100 | _aPerera,A.S | ||
| 245 | _aශබ්දාවලිය හෙවත් සිංහල අකාරාදිය | ||
| 246 | _aSabdaawaliya or Sinhalese Dictionary | ||
| 260 |
_bThe Christian Literature Society _aColombo _c1926 |
||
| 300 | _bX,480p., 18 cm | ||
| 942 | _cBK | ||
| 999 |
_c93652 _d93652 |
||